Quiz dos estados brasileiros - Espírito Santo - Statistics

Estatísticas Gerais
  • Esse quiz foi jogado 343 vezes
    341 desde o último reset
  • A pontuação média é 17 de 25
Estatísticas das Respostas
Dica Resposta % Correto
Capital Vitória
99%
Gentílico além de espírito-santense capixaba
91%
3 cidades mais populosas Vila Velha
89%
Lema presente na bandeira: Trabalha e ______ confia
86%
Cantor conhecido como "Rei" Roberto Carlos
86%
3 cidades mais populosas Serra
85%
Prato típico de peixes e frutos do mar moqueca
83%
Entre 1715 e 1809 o Espírito Santo foi anexado por esse outro estado Bahia
82%
Pedra preciosa verde que acreditava-se estar presente no estado e responsável por um breve ciclo econômico esmeralda
75%
3 cidades mais populosas Cariacica
74%
Rio que divide o estado em dois e foi vítima de grave desastre ambiental em 2015 Rio Doce
73%
Principal produto agrícola do estado café
70%
Pico na fronteira com Minas Gerais, mais alto do Brasil fora do Amazonas Pico da Bandeira
70%
Em 2017 essa classe trabalhadora entrou em greve por quase um mês gerando uma crise de segurança pública policial
69%
Cidade cujo nome homenageia um presidente americano e possui a maior renda per capita do país Presidente Kennedy
68%
Minério que representa aprox. 50% das exportações do estado ferro
65%
O estado abriga a maior fábrica desse doce da América Latina chocolate
63%
Igreja localizada em um penhasco e fundada em 1558 Convento de Penha
61%
O prato típico citado difere de sua versão baiana pela falta desse azeite dendê
52%
Padre espanhol que participou da fundação das cidades de São Paulo e Rio de Janeiro que viveu no estado José de Anchieta
51%
Atleta de basquetebol que jogou na NBA Anderson Varejão
44%
Prato típico comido tradicionalmente na semana santa torta capixaba
44%
Arquipélago localizado a aprox. 1200km da capital Trindade e Martim Vaz
35%
Desde 2002 o estado saltou de quinto para o segundo maior produtor desse hidrocarboneto no Brasil petróleo
34%
Cantor da nova geração do MPB Silva
20%
Nenhum quiz correspondente encontrado
Distribuição das Pontuações
Porcentagem de Pessoas com Cada Pontuação
Percentil de Números Respondidos
Sua Pontuação Histórica
Você não jogou esse quiz desde o último reset